=LDR 00000nam 2200000 4500 =001 INLIS000000000035499 =005 20130612141343 =008 ***********************************ind** =035 ##$$0010-061300000035499 =041 ##$$a ind =082 ##$$a 92 (Hitler) =090 ##$$a 92(Hiler), Zar a =100 ##$$a Zaviera, Ferdinand =245 ##$$a Adolh Hitler, Biografi singkat 1889-1945/Ferdinand Zaviera; Editor, Aziz Safa =260 ##$$a 2009 $b Yogyakarta =300 ##$$a 149 hlm., Ilus., 21 cm =650 ##$$a Biografi =850 ##$$a NBPNMAT